000 00928cab a2200253 4500
001 ABS52231
008 090401t1995 xxu||||| |||| 00| 0 eng d
035 _a(Sirsi) u67012
041 _aeng
100 _aSeppala, C.R.
245 4 _aThe new FIDIC International Civil Engineering Subcontract
260 _c1995
350 _a0
490 _aInternational Construction Law Review
_v12(1) January 1995,5-22(11)
520 _aProvides a brief introduction to the new FIDIC form of subcontract for use on international projects.
650 _aBUILT ENVIRONMENT-BUILDING CONTRACT FORMS-STANDARD FORMS OF BUILDING CONTRACT-INTERNATIONAL FEDERATION OF CONSULTING ENGINEERS CONTRACTS
650 _aGREEN BOOK
650 _aINTERNATIONAL CONTRACTS
650 _aRICS APPRAISAL AND VALUATION MANUAL
650 _aSUBCONTRACTS
690 _aBUILT ENVIRONMENT-BUILDING CONTRACT FORMS
942 _n0
948 _c04/03/1997
999 _c41901
_d41901